| 000 | 00543nam a2200157 a 4500 | ||
|---|---|---|---|
| 008 | 120416s1971 ||||||||||||||||| || u | ||
| 050 | _aHF 5415 Dun | ||
| 100 | _aDunn, Charles | ||
| 245 | 1 | 0 | _aCase studies in marketing |
| 260 |
_aLondon _bMacmillan _c1971 |
||
| 300 | _a64p. | ||
| 350 | _a0.00 | ||
| 650 | 0 | _aMARKETING--CASE STUDIES | |
| 650 | 0 | _aMARKETING--MANAGEMENT--CASE STUDIES | |
| 995 |
_D0.00 _FCBU-MAIN LIBRARY (Kitwe) _H1 _I0.00 _M1 _UAVAILABLE _ZAnnex Low-Usage Collection |
||
| 999 |
_c36786 _d36786 |
||